Анаграммы стран - Statistics

General Stats
  • This quiz has been taken 51 times
  • The average score is 17 of 30
Answer Stats
Анаграмма Страна % Correct
Аногал Ангола
100%
Нагблшдеа Бангладеш
100%
Злеби Белиз
100%
Бяолвии Боливия
100%
Афксбуа-Орин Буркина-Фасо
100%
Набго Габон
100%
Иатги Гаити
100%
Глетмаава Гватемала
100%
Ибждтуи Джибути
100%
Идрняоиа Иордания
100%
Иакр Ирак
100%
Акднаа Канада
100%
Оморкы Коморы
100%
Оокгн Конго
100%
Убка Куба
100%
Втлияа Латвия
100%
Лвтиа Литва
100%
Мнмяьа Мьянма
100%
Енлап Непал
100%
Дуаанр Руанда
100%
Гтоо Того
100%
Ряицут Турция
100%
Уграуйв Уругвай
100%
Лаижр Алжир
89%
Слоа Лаос
89%
Олмдаво Молдова
89%
Фдииж Фиджи
89%
Аьопшл Польша
88%
Снгаеел Сенегал
88%
Дунааг Уганда
88%
Ичил Чили
88%
Айакмя Ямайка
88%
Инра Иран
86%
Немей Йемен
86%
Дуо-в’Каирт Кот-д’Ивуар
86%
Ниалв Ливан
86%
Оисрся Россия
86%
Кбво-Аеедр Кабо-Верде
83%
Ияекн Кения
83%
Икрп Кипр
83%
Уепр Перу
83%
Рин-Омасна Сан-Марино
83%
Таховряи Хорватия
83%
Аадрнор Андорра
80%
Беурйн Бруней
80%
Аитйк Китай
80%
Яитананз Танзания
80%
Дач Чад
80%
Ялаибна Албания
75%
Беураьсл Беларусь
75%
Ядиин Индия
75%
Акарт Катар
75%
Иивля Ливия
75%
Кйивамри Маврикий
75%
Таьмла Мальта
75%
Онкаом Монако
75%
Ригне Нигер
75%
Асаом Самоа
75%
Слтн-Сеиюя Сент-Люсия
75%
Иомсал Сомали
75%
Ряоеночгри Черногория
75%
Ягбиалор Болгария
71%
Тбуна Бутан
71%
Внетьма Вьетнам
71%
Евиняг Гвинея
71%
Дакбомаж Камбоджа
71%
Айавгапр Парагвай
71%
Беисяр Сербия
71%
Воэкрад Эквадор
71%
Пяония Япония
71%
Твоаиакеьрнягэ Нвиаля Экваториальная Гвинея
70%
Дажбазрйнеа Азербайджан
67%
Изябрали Бразилия
67%
Анга Гана
67%
Яргцеи Греция
67%
Зргяиу Грузия
67%
Иегтеп Египет
67%
Мияазб Замбия
67%
Яуликбмо Колумбия
67%
Тейкув Кувейт
67%
Тсооле Лесото
67%
Неттнхлийеш Лихтенштейн
67%
Ныимруя Румыния
67%
Ьаалвдсро Сальвадор
67%
Ряиси Сирия
67%
Твууал Тувалу
67%
Узкисбатне Узбекистан
67%
Нндяяфлии Финляндия
67%
Рафияцн Франция
67%
Яеичх Чехия
67%
Аанатгсниф Афганистан
63%
Аавмли Малави
63%
Леэнсвеау Венесуэла
60%
Веизмабб Зимбабве
60%
Иярлиеб Либерия
60%
Лиаямайз Малайзия
60%
Няиоомлг Монголия
60%
Иижкадтстна Таджикистан
60%
Яетрэри Эритрея
60%
Фяпииоэ Эфиопия
60%
Иурубдн Бурунди
57%
Нерадга Гренада
57%
Линадяри Ирландия
57%
Рнуау Науру
57%
Яеонн Аиявдалз Новая Зеландия
57%
Ппфииыинл Филиппины
57%
Яицевш Швеция
57%
Дасорбба Барбадос
56%
Ьилябге Бельгия
56%
Абяинми Намибия
56%
Еягиврн Венгрия
50%
Айанга Гайана
50%
Няуаис-Еивгб Гвинея-Бисау
50%
Гнмеияра Германия
50%
Нзиидеоян Индонезия
50%
Аиснипя Испания
50%
Кмаунер Камерун
50%
Китрбииа Кирибати
50%
Кааамдасгр Мадагаскар
50%
Имал Мали
50%
Омаркок Марокко
50%
Нпааам Панама
50%
Япаня — Оигае Упавнв Папуа — Новая Гвинея
50%
Принсауг Сингапур
50%
Лоивсаяк Словакия
50%
Андлаит Таиланд
50%
Иритноиа б Тдогда Тринидад и Тобаго
50%
Унсит Тунис
50%
Иртуматенскн Туркменистан
50%
Ацйеяиршв Швейцария
50%
Ияэостн Эстония
50%
Тноаг Тонга
45%
Аонм Оман
44%
Рйебнах Бахрейн
43%
Днияилас Исландия
43%
Исмеакк Мексика
43%
Кбиомазм Мозамбик
43%
Ыиеадлдннр Нидерланды
43%
Ипс-Нрми и Итаеонсп Сан-Томе и Принсипи
43%
Биарадг а Тнбуауи Антигуа и Барбуда
40%
Ебнни Бенин
40%
Нвуааут Вануату
40%
Янида Дания
40%
Рьлиаиз Израиль
40%
Нтакахасз Казахстан
40%
Ьеорла-Реесн Сьерра-Леоне
40%
Ыаусю Нжндй Южный Судан
38%
Оаснтваб Ботсвана
33%
Ибаягм Гамбия
33%
Нскытгзрыа Кыргызстан
33%
Мтаяиварин Мавритания
33%
Ауанагрик Никарагуа
33%
Риявонге Норвегия
33%
Дкиаомни Доминика
29%
Аяитил Италия
29%
Раяюя Жноке Южная Корея
29%
Етие-Итнс и Нссвк Сент-Китс и Невис
29%
Ирамсну Суринам
29%
Аряалтсив Австралия
25%
Едедркточ Еаясобе-Унрарисакккикйс Яноапомалр Корейская Народно-Демократическая Республика
25%
Отиак-Аскр Коста-Рика
25%
Ишаиниекеыыд Феиез Трвтнормта Федеративные Штаты Микронезии
25%
Ыънетдаёакин Еринбмао Эсыбреи Объединённые Арабские Эмираты
25%
Нднс-Ианвире ы Тинсегнте Сент-Винсент и Гренадины
25%
Сымооватвс Рнлоооо Соломоновы Острова
25%
Саунд Судан
25%
Яирамен Армения
20%
Нвоириеиятбкла Великобритания
20%
Сомчтыйри Овнто Восточный Тимор
20%
Рагодусн Гондурас
20%
Ауапл Палау
20%
Ивняолес Словения
20%
Саанефинтяснлцопкеакр Лиьукарбра Центральноафриканская Республика
17%
Алн-Каирш Шри-Ланка
17%
Даясоасквв Раиуая Саудовская Аравия
14%
Лаеквошеьес Отйсрис Сейшельские Острова
14%
Днаиетнырос Ишиёт Акнмыее Соединённые Штаты Америки
11%
Риставя Австрия
0%
Интргеаан Аргентина
0%
Баросеакс Таимовг Багамские Острова
0%
Иннесв а Цргиияеогоб Босния и Герцеговина
0%
Нпрксиелдукка Асяаонмииб Доминиканская Республика
0%
Акеааяодпкесусл Нчртмокбри Оекиг Демократическая Республика Конго
0%
Ерюбмкгсул Люксембург
0%
Дмвыаиль Мальдивы
0%
Ыоовмлрара Лвшстоа Маршалловы Острова
0%
Ияеиргн Нигерия
0%
Сапитанк Пакистан
0%
Аятиуогпрл Португалия
0%
Наяронде Киемсявеа Северная Македония
0%
Анаурик Украина
0%
Наитисэв Эсватини
0%
Апср-Инеиабжкюра Лкяоансфку Южно-Африканская Республика
0%
No matching quizzes found
Score Distribution
Percent of People with Each Score
Percentile by Number Answered
Your Score History
You have not taken this quiz